Statistieken voor Hoofdsteden per Letter - V

Klik hier om de quiz te nemen!

Algemene statistieken

  • Deze quiz is 589 keer genomen
  • De gemiddelde score is 4 van 6

Antwoordstatistieken

LandHoofdstad% Correct
LitouwenVilnius
87%
VaticaanstadVaticaanstad
85%
LiechtensteinVaduz
76%
MaltaValletta
76%
LaosVientiane
56%
SeychellenVictoria
48%

Scoreverdeling

Percentiel versus Aantal Correcte Antwoorden

Procent van Mensen met Elke Score

Uw Scoregeschiedenis

U heeft deze quiz nog niet genomen